| 000 | 00982nam0a22002651 4500 | ||
|---|---|---|---|
| 001 | v19\rc\2006332 | ||
| 005 | 20260407121957.0 | ||
| 035 | _a(NLR Aleph) 005081321 | ||
| 090 |
_a7199860 _c7199860 |
||
| 100 | _a20080811d1915 u y0rusy50 ca | ||
| 101 | 0 | _arus | |
| 102 | _aRU | ||
| 105 | _aa z ||||| | ||
| 200 | 1 |
_aСтроевой устав полевой тяжелой артиллерии _eВыс. утв. 6 апр. (при скорострельных орудиях) _eБатарейное учение _eВыс. утв. 1 июля 1915 г. |
|
| 210 |
_aПетроград _cВ.А. Березовский _d1915 |
||
| 215 |
_a112 с. _cил. _d16 |
||
| 740 | 1 |
_aРоссия _tВоенные уставы и наставления _3RU\NLR\AUTH\889957977 _9412039 |
|
| 801 | 0 |
_aRU _bNLR _gpsbo |
|
| 801 | 0 |
_aRU _bRuMoRGB _2psbo |
|
| 801 | 1 |
_aRU _bProSoft-M _2rusmarc |
|
| 852 |
_aNLR _j34.103.6.145 |
||
| 899 |
_aRuMoRGB _jV 127/387 |
||
| 899 | _aБАН | ||
| 942 | _cBOOK | ||
| 980 | _aNB | ||